Target TOEIC Upgrading TOEIC Test-taking skills

Enregistré dans:
Détails bibliographiques
Auteur principal: Anne Taylor
Langue:Undetermined
English
Publié: Tp. Hồ Chí Minh Trẻ 2010
Tags: Ajouter un tag
Pas de tags, Soyez le premier à ajouter un tag!
Thư viện lưu trữ: Trung tâm Học liệu Trường Đại học Trà Vinh
LEADER 00507nam a2200205Ia 4500
001 TVU_8821
008 210423s9999 xx 000 0 und d
041 |a eng 
082 |a 428.24 
082 |b Nh100 
100 |a Anne Taylor 
245 0 |a Target TOEIC 
245 0 |b Upgrading TOEIC Test-taking skills 
245 0 |c Anne Taylor 
260 |a Tp. Hồ Chí Minh 
260 |b Trẻ 
260 |c 2010 
300 |b Đĩa CD + 
700 |a Anne Taylor 
980 |a Trung tâm Học liệu Trường Đại học Trà Vinh